00756nam a22002657a 450000500170000000800410001702000150005804100080007308200160008110000330009710000330013010000400016310000230020324500400022625000160026626000150028226000420029726000650033926000090040430000180041365000180043165000150044965000140046465000120047820240716091243.0200311b1999 CR ||||| |||| 00| 0 spa d a9977124027 aESP a582.16 J61M aJimenez Madrigal, Quírico  aEstrada Chavarría, Armando aRodríguez González, Alexánder aArroyo Mora, Pablo aManual dendrológico de Costa Rica a2 edición aCosta Rica bEditorial Tecnológica de Costa Rica bCentro de Investigación en Integración Bosques Industria c1999 a150 páginas aDENDROLÓGIA aBOTÁNICA aÁRBOLES aBOSQUES